| 000 | 00655nam a2200193 i 4500 | ||
|---|---|---|---|
| 001 | 141519 | ||
| 003 | ES-MaACL | ||
| 005 | 20230906200318.0 | ||
| 007 | t| | ||
| 008 | 070925s1966 sp ||||1| spa d | ||
| 100 | 1 |
_aVoisin, André. _9115680 |
|
| 245 | 1 | 0 |
_aNuevas leyes científicas en la aplicación de los abonos / _cAndré Voisin ; presentación por Carlos Luis de Cuencia ; traducción de Justo Nombela. |
| 260 |
_aMadrid : _bTecnos, _c1966. |
||
| 300 |
_a150 p. : _bil. ; _c22 cm. |
||
| 650 | 4 |
_aFertilizantes. _9136105 |
|
| 700 | 1 |
_aCuenca, Carlos Luis de. _941995 |
|
| 700 | 1 |
_aNombela, Justo. _985931 |
|
| 852 |
_aES-MaACL _jC-29609 _bR.60057 |
||
| 999 |
_c141519 _d141519 |
||